000 00642nam a2200193 i 4500
001 134008
003 ES-MaACL
005 20250815001419.0
007 t|
008 070904s1972 sp a |||| | spa d
100 1 _aWanty, Emile.
_9116059
245 1 3 _aLa historia de la humanidad a través de las guerras /
_cEmile Wanty ; [introducción, revisión y capítulos complementarios por Nazario González].
260 _aMadrid :
_bAlfaguara,
_c1972.
300 _a2 v. :
_bil. ;
_c28 cm.
650 0 7 _aHistoria militar
_2embne
_913415
700 1 _aGonzález, Nazario.
_958370
852 _aES-MaACL
_jC-42917-18
999 _c134008
_d134008